| 000 | 00520nam a2200181Ia 4500 | ||
|---|---|---|---|
| 003 | GCL | ||
| 008 | 140319s9999 xx 000 0 ara d | ||
| 040 |
_aGCL / _cGCL |
||
| 082 | 0 | 4 |
_a814 _bع ت |
| 100 | 1 | _aعبدالعزيز شرف | |
| 245 | 1 | 0 |
_aالتفسير الاعلامى لادب المقالة / _cعبدالعزيز شرف |
| 300 | _a379 | ||
| 490 |
_a100 قصة _v0 |
||
| 650 | 0 | 4 | _aالادب العربى |
| 650 | 0 | 4 | _aالمقالات |
| 650 | 0 | 4 | _aالمقابلات الصحفية |
| 942 |
_2ddc _cBK |
||
| 999 |
_c43912 _d43912 |
||